Biblioteca

Cuentos de guerra : (Registro nro. 67930)

Detalles MARC
000 -LÍDER
Campo fijo de descripción fija 02594nam a2200229 i 4500
001 - NÚMERO DE CONTROL
Campo de control 768714001
003 - IDENTIFICADOR DEL NÚMERO DE CONTROL
Campo de control CO-MdFUSB
005 - FECHA Y HORA DE LA ULTIMA TRANSACCIÓN
control field 20221125173604.0
008 - ELEMENTOS DE LONGITUD FIJA -- INFORMACIÓN GENERAL
Campo fijo de descripción fija -- Información general 220601t1984 ck |||| |||| 00| 0 spa d
040 ## - FUENTE DE CATALOGACIÓN
Idioma de catalogación spa
Agencia que realiza la transcripción CO-MdFUSB
Agencia que realiza la modificación CO-MdFUSB
100 ## - ASIENTO PRINCIPAL--NOMBRE PERSONAL
Nombre personal Maupassant, Guy de,
Término relacionador autor
245 ## - TÍTULO
Título Cuentos de guerra :
Subtitulo Bola de sebo, Recuerdo, La loca, Dos amigos, San Antonio.
Mención de responsabilidad / Guy de Maupassant
300 ## - DESCRIPCIÓN FÍSICA
Extensión 319-370 páginas
Dimensiones 23 cm
520 ## - NOTA DE RESUMEN, ETC.
Nota de sumario, etc. Bola de Sebo.- Una prostituta despreciada reparte su comida con los burgueses que la acompañan asqueados en un viaje. También le da a aquellos conciliadores burgueses una clase de patriotismo, cuando un oficial invasor detiene el coche y demanda los favores de la prostituta como condición para permitirles continuar el viaje. Viendo que sus vidas dependen de Bola de Sebo, los burgueses recurren a todo tipo de halagos. La prostituta finalmente se entrega al enemigo y éste permite que el carruaje siga su marcha. Como si nada hubiera sucedido, las señoras y señores burgueses recobran sus posturas distantes y llenan de reproches a la mujer vulgar y “pecadora”. Renacido el desprecio, la pobre muchacha no tiene otro consuelo que sus propias lágrimas.
520 ## - NOTA DE RESUMEN, ETC.
Nota de sumario, etc. Recuerdo.- Un grupo de soldados en retirada, maltrechos y agotados, topan con un anciano y una niña. La presencia de esta última levanta la moral de la tropa que se vuelca en su cuidado.
520 ## - NOTA DE RESUMEN, ETC.
Nota de sumario, etc. La Loca.- Unos soldados prusianos invaden un pueblo francés y ocupan las viviendas de la localidad. En una de ellas vive una loca en estado catatónico. El comandante del grupo invasor interpreta su silencio e inmovilidad como un desprecio hacia sus hombres y opta por abandonarla en el bosque.
520 ## - NOTA DE RESUMEN, ETC.
Nota de sumario, etc. Dos Amigos.- En pleno asedio de París y cuando las tropas prusianas se acercaban a la ciudad, dos amigos aficionados a la pesca deciden tomar sus bártulos y dirigirse a una zona a orillas del Sena pese al peligro de encontrarse con el enemigo invasor. Cuando ya habían capturados unos cuantos ejemplares, una patrulla enemiga los detiene y los acusa de espionaje.
520 ## - NOTA DE RESUMEN, ETC.
Nota de sumario, etc. San Antonio.- Un campesino se ve obligado a acoger en su casa a un soldado prusiano que forma parte de un grupo que invade su pueblo. Ante la estupidez que muestra este último, nuestro hombre opta por tratarlo como un cerdo ante los ojos de sus paisanos para vengarse de los invasores.
650 #7 - ASIENTO SECUNDARIO DE MATERIA - TERMINO TEMÁTICO
9 (RLIN) 2654
Término temático o nombre geográfico como elemento de entrada Literatura francesa
773 0# - ASIENTO DE ITEM FUENTE
Biblionumber 67924
Itemnumber 81127
Asiento principal Oveja Negra,
Otro identificador del ítem 24690
Título Maestros de la literatura universal :
Número de control del registro (CO-MdFUSB)768714001
International Standard Book Number 8482806718
942 ## - TIPO DE MATERIAL (KOHA)
Tipo de Item KOHA Libros General

No hay ítems disponibles.

Biblioteca FUSBC | Teléfono: (57+4) 349 88 10 Ext. 141| WhatsApp (+57) 3005338115 
E-mail: biblioteca@unisbc.edu.co | Calle 76 87-14 Robledo Palenque, Medellín, Colombia

Con tecnología Koha